000 00661nam a2200265Ia 4500
005 20260121165558.0
008 008 260114s9999 xx 000 0 eng d
020 _a9789811034824
037 _aEBOOK
040 _aCRL
040 _beng
040 _cCRL
041 _2eng
041 _aeng
084 _qCRL
100 _aLu Zhang, Chang Xu
_91053459
245 0 _aSoftware Engineering and Methodology for Emerging Domains
260 _bSpringer
260 _bSpringer
260 _c2016
856 _uhttps://link.springer.com/openurl?genre=book&isbn=978-981-10-3482-4
942 _cEBOOK
999 _c1619185
_d1619185